F-Zero - Personnages - Statistiques

Statistiques générales
  • Ce quiz a été pris 18 fois
  • Le résultat moyen est 28 sur 41
Statistiques - réponses
Par images Réponse % Correct
Captain Falcon
100%
Dr.Stewart
100%
Samouraï Goroh
100%
Bio Rex
90%
Black Shadow
90%
Jack Levin
90%
James McCloud
90%
Jody Summer
90%
Pico
90%
Blood Falcon
80%
Leon
80%
Octoman
80%
Zoda
80%
Antonio Guster
70%
Baba
70%
Billy
70%
Dr. Clash
70%
Michael Chain
70%
Mighty Gazelle
70%
Beastman
60%
Dai San Gen
60%
Deathborn
60%
Draq
60%
Gomar & Shioh
60%
John Tanaka
60%
Kate Alen
60%
Mr. EAD
60%
Mrs. Arrow
60%
QQQ
60%
Roger Buster
60%
Silver Neelsen
60%
Super Arrow
60%
Terry "Digi-Boy" Getter
60%
The Skull
60%
Daigoroh
50%
Don Genie
50%
Lily Flyer
50%
Phoenix
50%
PJ
50%
Spade
50%
Princia Ramode
40%
Aucun quiz correspondant
Distribution des résultats
% des personnes avec chaque résultat
Percentile par nombre de réponses
Votre historique - résultats
Vous n’avez pas pris ce quiz